00000000nam 2200000zi 4500
0019.874201
003CaOODSP
00520221123120618
006m     o  d f      
007cr |n|||||||||
008190604t20152015onc    #ol   f000 0 eng d
040 |aCaOODSP|beng|erda|cCaOODSP
043 |an-cn---
0861 |aYM32-3/412-C51E-PDF
1001 |aBéchard, Julie, |eauthor.
24510|aBill C-51 : |ban Act to enact the Security of Canada Informations Sharing Act and the Secure Air Travel Act, to amend the Criminal Code, the Canadian Security Intelligence Service Act and the Immigration and Refugee Protection Act and to make related and consequential amendments to other Acts / |cJulie Béchard [and four others].
264 1|a[Ottawa] : |bLibrary of Parliament = Bibliothèque du Parlement, |c2015.
264 4|c©2015
300 |a1 online resource (ii, 31 pages).
336 |atext|btxt|2rdacontent
337 |acomputer|bc|2rdamedia
338 |aonline resource|bcr|2rdacarrier
4901 |aLegislative summary ;|v41-2-C51-E
500 |aIssued also in French under title: Projet de loi C-51 : Loi édictant la Loi sur la communication d'information ayant trait à la sécurité du Canada et la Loi sur la sûreté des déplacements aériens, modifiant le Code criminel, la Loi sur le Service canadien du renseignement de sécurité et la Loi sur l'immigration et la protection des réfugiés et apportant des modifications connexes et corrélatives à d'autres lois.
500 |aCover title.
500 |a"19 June 2015."
504 |aIncludes bibliographical references.
69207|2gccst|aLegislation
69207|2gccst|aNational security
69207|2gccst|aSecurity intelligence
7101 |aCanada. |bParliamentary Information and Research Service.
77508|tProjet de loi C-51 : |w(CaOODSP)9.874205
830#0|aLegislative summary (Canada. Parliamentary Information and Research Service)|v41-2-C51-E.|w(CaOODSP)9.504770
85640|qPDF|s443 KB|uhttps://publications.gc.ca/collections/collection_2019/bdp-lop/ls/YM32-3-412-C51-eng.pdf